Θράκη : Ευρετήριο & χάρτες πόλεων =

Αποθηκεύτηκε σε:
Λεπτομέρειες βιβλιογραφικής εγγραφής
Μορφή: Βιβλίο
Γλώσσα:Greek
English
Δημοσίευση: Αθήνα : Road, [199?]
Θέματα:
Ετικέτες: Προσθήκη ετικέτας
Δεν υπάρχουν, Καταχωρήστε ετικέτα πρώτοι!

MARC

LEADER 00000cam a2200000 i 4500
001 1/12248
008 000919q199 gre d
020 |a 960-8481-39-2 
035 |l 10064135 
040 |a GR-MY-UA  |b gre  |e aacr 
041 0 |a gre  |a eng 
082 0 |a 938.95 
245 1 0 |a Θράκη :   |b Ευρετήριο & χάρτες πόλεων =   |b Thrace : Index and city plans.  
246 1 |i Παράλληλος τίτλος :   |a Thrace 
260 |a Αθήνα :   |b Road,   |c [199?] 
300 |a 1 χάρτης 
500 |a Με την συνεργασία της γεωγραφικής υπηρεσίας στρατού. Κλίμακα 1:250000.  
504 |a Περιέχει ευρετήρια.  
651 0 |a Thrace, Western (Greece)  |x Maps. 
852 |a INST  |b CHIOS  |e 20000919  |h 938.95 ΘΡΑ  |p 005200017205  |q 005200017205  |t REF  |y 23 
901 |a BIBL2-2000-3 
909 |a Χ  |b 074725 
970 |z 2000/09/ΧΡΥΣΑΝΘΗ